Introducción a la robótica (Registro nro. 2878)
[ vista simple ]
| 000 -Cabecera | |
|---|---|
| Campo de control de longitud fija | 00796aam a2200313 4500 |
| 005 - Fecha y hora de la última transacción | |
| Campo de control | 20231117110735.0 |
| 008 - Elementos de longitud fija--Información general | |
| Campo de control de longitud fija | 150616b2010 xxu||||| |||| 00| 0 spa d |
| 020 ## - International Standard Book Number | |
| Número Internacional Estándar del Libro (ISBN) | 9786071503138 |
| 041 ## - Idioma | |
| Código de idioma | Español |
| 082 ## - Clasificación Decimal Dewey | |
| Número de clasificación | 629.892 K96i |
| 100 ## - Entrada principal--Autor personal | |
| Nombre personal | Kumar Saha, Subir |
| 9 (RLIN) | 24730 |
| 245 ## - Título propiamente dicho | |
| Título | Introducción a la robótica |
| 260 ## - Pie de imprenta | |
| Lugar de publicación, distribución, etc. | México |
| 260 ## - Pie de imprenta | |
| Nombre del editor, distribuidor, etc. | McGraw-Hill |
| 260 ## - Pie de imprenta | |
| Fecha de publicación, distribución, etc. | 2010 |
| 300 ## - Descripción física | |
| Extensión | 371 páginas |
| 650 ## - Materia general | |
| Temática (materia general) | ROBÓTICA |
| 650 ## - Materia general | |
| Temática (materia general) | ROBOTS GENIALES |
| 650 ## - Materia general | |
| Temática (materia general) | SENSORES |
| 650 ## - Materia general | |
| Temática (materia general) | TRANSFORMACIONES |
| 650 ## - Materia general | |
| Temática (materia general) | CLIMÁTICA |
| 650 ## - Materia general | |
| Temática (materia general) | ESTÁTICA |
| 650 ## - Materia general | |
| Temática (materia general) | DINÁMICA |
| 650 ## - Materia general | |
| Temática (materia general) | CONTROL |
| 650 ## - Materia general | |
| Temática (materia general) | PLANEACIÓN DE MOVIMIENTOS |
| 650 ## - Materia general | |
| Temática (materia general) | COMPUTADORES PARA ROBOTS |
| 942 ## - Punto de acceso adicional KOHA | |
| Tipo de ítem KOHA | Libro |
| Fuente del sistema de clasificación o colocación | Dewey Decimal Classification |
| Signatura completa | Código de barras | Programa Académico | Tipo de ítem |
|---|---|---|---|
| 629.892 K96i | 16246 | Electrónica | Libro |